000 00596nam a22002297a 4500
003 UA-OsUOA
001 55139
007 ta
008 20080813b un ||||| |||| 00| 0 ukr d
100 _aПетруня Ю.
090 _a339.138:658.8(075.8)
_bП30
942 _cBK
040 _aUA-OsUOA
_bukr
_cUA-OsUOA
_dUA-OsUOA
245 _aМаркетинг
300 _a325 с.
955 _a2
041 _aukr
080 _a339.138:658.8(075.8)
260 _aК.
_bЗнання
_c2007
650 7 _a339.1 Загальні питання торгівлі. Ринок
_2UDC
999 _c341222
_d341222